[Event "GEO chT Clubs 2017"]
[Site "Tbilisi"]
[Date "2017.12.05"]
[Round "7"]
[White "Khvadagiani, Nika"]
[Black "Beradze, Irakli"]
[Result "0-1"]
[WhiteElo "2001"]
[BlackElo "2452"]
[Annotator "TA"]
[PlyCount "138"]
[EventDate "2017.??.??"]
[EventCountry "GEO"]
[SourceTitle "playchess.com"]
[Source "ChessBase"]
[SourceQuality "1"]

{[%evp 27,138,8,21,7,37,-12,26,0,25,25,31,23,23,22,28,-37,23,9,46,12,14,10,16,0,0,0,0,-120,-107,-112,-110,-87,0,0,0,0,0,0,0,0,0,0,0,0,90,0,0,-94,-93,-152,-159,-158,-147,-155,-141,-147,-152,-166,-166,-256,-256,-354,-331,-335,-289,-254,-248,-369,-365,-360,-347,-367,-379,-475,-475,-475,-372,-354,-343,-390,-312,-227,0,-459,-422,-456,-424,-800,-782,-5069,-5069,-4469,-1035,-2304,-1627,-1446,-1069,-29975,-29975,-29978,-29979,-29982,-29982,-29982,-29983,-29983,-29984,-29986,-29987,-29987,-29985,-29987,-29988]} 1. e4 e5 2. Nf3 Nc6 3. Bb5 a6 4. Ba4 Nf6 5. O-O Be7 6. Re1 b5 7. Bb3 d6 8. c3 O-O 9. h3 Nd7 10. d4 Bf6 11. Be3 Na5 12. Bc2 Nc4 {C92: Closed Ruy Lopez: 9...Be6, Karpov and Flohr-Zaitsev Variations} 13. Bc1 Bb7 (13... c5 14. b3 Ncb6 15. d5 a5 16. a4 b4 17. c4 g6 18. Nbd2 Bg7 19. Nf1 Nf6 20. Ng3 Kh8 21. Nh2 Nbd7 {0-1 (89) Amonatov,F (2647)-Tseshkovsky,V (2542) Moscow 2009}) 14. Nbd2 Nxd2 {LiveBook: 5 Games. The position is equal.} 15. Bxd2 c5 {[%cal Re5d4]} 16. Be3 $146 ({Predecessor:} 16. d5 c4 17. Be3 a5 18. Qd2 Qc7 19. Nh2 Be7 20. Nf1 {½-½ (33) Guo,E (1778)-Hohler,P (2214) Queenstown 2009}) 16... Qc7 17. Qd2 Nb6 18. b3 Rfe8 19. d5 Bc8 20. Bd3 Bd7 21. Rec1 (21. Qc2 $11) 21... Reb8 (21... Nxd5 $1 $15 22. exd5 e4) 22. Rab1 Nc8 23. Qe2 Ne7 24. Kh2 Re8 25. a3 Nxd5 26. exd5 {Nd2 is the strong threat.} e4 27. c4 (27. Bc2 $11 exf3 28. Qxf3) 27... exd3 $17 28. Qxd3 Qc8 29. g4 {[#]} Bxg4 (29... h5 $1 $17 {[%cal Rh5g4][%mdl 512]} 30. Bg5 (30. gxh5 Bxh3) 30... hxg4 31. hxg4 Qd8 32. Bxf6 Qxf6) 30. hxg4 $11 Qxg4 31. Bd2 {And now Rg1 would win.} Re4 32. Re1 Qh5+ 33. Kg2 Qg4+ 34. Kh2 Qh5+ 35. Kg2 Rg4+ 36. Kf1 Kf8 $1 37. Re3 {[#]} (37. a4 $11 {remains equal.}) 37... Bd4 $1 $17 {[%cal Rd4e3]} 38. Nxd4 (38. Rbe1 $142) 38... Rxd4 39. Rh3 Rxd3 40. Rxh5 {Strongly threatening Bf4.} Rxd2 41. Rxh7 {[%mdl 4096] Endgame KRR-KRR} Kg8 42. Rh3 Re8 43. a4 {[#]} (43. Re1 $142 Rxe1+ 44. Kxe1) 43... b4 $1 $19 44. Re1 Rxe1+ 45. Kxe1 {KR-KR} Rd4 46. Re3 {White wants to play Re8+.} Kf8 47. Ke2 (47. Rh3 {is a better defense.}) 47... Rh4 48. Kd3 g6 49. Kd2 Rh1 50. Kd3 a5 51. Kd2 Rh2 52. Ke2 Rh4 53. Kd3 Rh5 54. Ke2 Rh1 $2 (54... Re5 55. Rxe5 dxe5) 55. Kd2 $1 Rf1 56. Ke2 Rc1 57. Kd2 (57. Rh3 $142 Rc2+ 58. Ke1) 57... Rc3 58. Rxc3 bxc3+ 59. Kxc3 {KP-KP} Ke7 (59... g5 $142 60. Kc2 Kg7) 60. Kd3 f5 {[%cal Bf7f5,Bf5f4][%mdl 32]} 61. Ke3 g5 {[%cal Bg6g5,Bg5g4][%mdl 32]} 62. Kf3 Kf6 {Black mates.} 63. Ke2 g4 64. Kd2 Ke5 65. Ke3 f4+ 66. Kd3 Kf5 67. Kd2 Ke4 68. Ke2 Kd4 69. Kd2 g3 {Precision: White = 40%, Black = 65%.} 0-1

[Event "GEO chT Clubs 2017"]
[Site "Tbilisi"]
[Date "2017.12.05"]
[Round "7"]
[White "Janiashvili, Mariami"]
[Black "Tsatsalashvili, Keti"]
[Result "0-1"]
[WhiteElo "1995"]
[BlackElo "2301"]
[Annotator "NA"]
[PlyCount "110"]
[EventDate "2017.??.??"]
[EventCountry "GEO"]
[SourceTitle "playchess.com"]
[Source "ChessBase"]
[SourceQuality "1"]

1. d4 Nf6 2. Nf3 e6 3. e3 b6 4. Bd3 Bb7 {LiveBook: 2843 Games} 5. O-O c5 6. b3 Be7 7. Bb2 cxd4 8. exd4 O-O 9. c4 d5 10. Nc3 Nc6 11. Rc1 Rc8 12. Re1 dxc4 13. bxc4 Ba6 $146 {E14: Queen's Indian: Classical Variation (4 e3)} ({Predecessor:} 13... Bd6 14. a3 Ne7 15. Ne4 Ng6 16. d5 Nxe4 17. Bxe4 Bf4 18. Rc3 f5 19. Bc2 exd5 20. cxd5 Rxc3 21. Bxc3 Bxd5 {½-½ (43) Sambuev,B (2524)-Debashis,D (2495) Vrachati 2013}) 14. Nb5 Bb7 15. Qe2 a6 16. Nc3 Re8 ({Wrong is} 16... Nxd4 $2 17. Nxd4 Qd7 18. Nf3 $18) 17. Red1 (17. Bb1 $11) 17... Bd6 18. Ne4 Nxe4 19. Qxe4 f5 20. Qe2 Bf4 21. Rc3 Nxd4 22. Nxd4 Qxd4 23. Bc2 {[#]} (23. Rb3 $11 Qc5 24. Rb1) 23... Qe5 $1 24. Qh5 Qc7 25. Rh3 h6 $1 26. Rhd3 Bc6 27. Qg6 $2 {[#]} (27. g3 $15 Be5 28. Bxe5 Qxe5 29. Re3) 27... Qf7 $2 ({Not} 27... Bxh2+ 28. Kh1 $17) (27... Re7 $1 $19 {and Black stays clearly on top.} 28. Qh5 Be4) 28. Qxf7+ Kxf7 29. g3 Bb8 30. Ra3 a5 31. Rb3 Bc7 32. Bd4 Ba4 33. Rb2 Bxc2 34. Rxc2 Red8 35. Rdd2 Rd7 36. Be3 Rcd8 37. Rxd7+ Rxd7 38. Rb2 Rd6 ({Günstiger ist} 38... Rd1+ $17 39. Kg2 Kf6) 39. Kg2 $2 (39. c5 $1 $11 {und Weiss steht sicher.} Rd1+ 40. Kg2) 39... Rc6 40. Rc2 $1 Bd6 41. Rb2 Bc7 (41... Bc5 $17 42. Bxc5 Rxc5 43. Rxb6 Rxc4) 42. Rc2 Ke7 43. f4 Bd6 44. Rb2 $19 (44. Kf3 $17) 44... Bb4 45. Rc2 Bc5 46. Kf3 Kd7 47. Bc1 Rd6 48. Bb2 g5 49. Be5 Rd3+ 50. Ke2 Re3+ 51. Kd2 g4 52. Rb2 Re4 53. Rc2 Kc6 54. Bf6 Bb4+ 55. Bc3 Rxc4 0-1

[Event "GEO chT Clubs 2017"]
[Site "Tbilisi"]
[Date "2017.12.05"]
[Round "7"]
[White "Khmiadashvili, Tamar"]
[Black "Batsiashvili, Nino"]
[Result "0-1"]
[WhiteElo "1982"]
[BlackElo "2497"]
[Annotator "TA"]
[PlyCount "72"]
[EventDate "2017.??.??"]
[EventCountry "GEO"]
[SourceTitle "playchess.com"]
[Source "ChessBase"]
[SourceQuality "1"]

{[%evp 10,72,-28,-43,-45,-54,-54,-69,-62,-66,-65,-59,-70,-75,-66,-77,-68,-76,-63,-110,-64,-87,-46,-77,-78,-111,-111,-137,-137,-156,-156,-166,-152,-161,-161,-170,-175,-206,-183,-205,-193,-255,-265,-310,-321,-328,-320,-323,-344,-358,-348,-367,-366,-347,-317,-343,-339,-317,-302,-361,-325,-517,-512,-29993,-29994]} 1. d4 d5 2. Nc3 Nf6 3. Bg5 Nbd7 4. e3 e6 5. Bd3 c5 (5... Be7 6. Nf3 O-O 7. O-O b6 8. h3 Bb7 9. Bf4 c5 10. Re1 a6 11. a3 b5 12. Bf1 Qb6 13. Ne5 Nxe5 14. Bxe5 Nd7 15. Bg3 Bf6 16. Ne2 g6 17. c3 Rad8 18. b4 {½-½ (18) Pavlov,M (2491)-Enkhnar,E (2438) Alushta 2016}) 6. dxc5 {LiveBook: 3 Partien. D01: Damenbauernspiele (Richter-Weressow)} Nxc5 7. Bb5+ Bd7 8. Bxd7+ {Schwarz steht etwas besser.} Ncxd7 $146 ({Ein No Go ist} 8... Kxd7 $6 9. e4 $1 $16 {[%mdl 512]}) ({Vorgänger:} 8... Qxd7 9. Bxf6 gxf6 10. Qd4 Rg8 11. Nge2 Be7 12. g4 O-O-O 13. O-O-O {1-0 (62) Fries Nielsen,N (2340)-Jepson,C (2265) Copenhagen 1990}) 9. Nge2 Be7 10. O-O O-O 11. Nd4 Rc8 12. Qe2 a6 13. a4 Qc7 14. Rfc1 Nc5 15. a5 Rfd8 16. Bxf6 Bxf6 17. Qg4 g6 18. f4 {[#]} Ne4 $1 {[%cal Re4c3]} 19. Nce2 Nd6 20. b3 Qe7 21. Qf3 Rc5 22. Ra2 Rdc8 23. g4 Qd8 24. g5 Bg7 25. Qg4 (25. Rd1 {war einen Versuch wert.}) 25... Nf5 $19 26. Nxf5 gxf5 ({Finger weg von} 26... exf5 27. Qf3 $19) 27. Qf3 Rxa5 28. Rxa5 Qxa5 29. c4 {Wenn Weiss jetzt Zeit für Td1 hätte...} Qb4 30. cxd5 Rxc1+ 31. Nxc1 Qe1+ 32. Qf1 Qxe3+ 33. Kg2 {Falls Weiss jetzt zu dxe6 käme, bestünde noch etwas Hoffnung.} Qd2+ 34. Kg3 Qxd5 35. Kh4 (35. Qd3 {war nötig.}) 35... e5 36. fxe5 (36. Ne2 $19 exf4 37. Qxf4) 36... Qe4+ {Precision: Weiß = 18%, Schwarz = 80%.} 0-1

[Event "GEO chT Clubs 2017"]
[Site "Tbilisi"]
[Date "2017.12.05"]
[Round "7"]
[White "Volkov, Nika"]
[Black "Mchedlishvili, Mikheil"]
[Result "1-0"]
[WhiteElo "1982"]
[BlackElo "2604"]
[Annotator "TA"]
[PlyCount "99"]
[EventDate "2017.??.??"]
[EventCountry "GEO"]
[SourceTitle "playchess.com"]
[Source "ChessBase"]
[SourceQuality "1"]

{[%evp 15,99,10,18,-21,0,-26,-28,-33,0,-21,-25,-22,-13,-15,-22,-20,-14,-16,-15,-42,-45,-47,-31,-64,-33,-37,-33,-44,0,-37,-55,-103,0,0,0,-58,-28,-16,-25,-8,0,0,206,229,305,288,302,289,178,180,176,179,342,294,164,157,162,180,167,130,155,0,0,0,738,737,721,726,711,705,696,684,647,636,570,304,302,295,632,614,2023,1393,29968,2077,29967,29969]} 1. Nf3 Nf6 2. d4 g6 3. e3 Bg7 4. c4 c5 5. Nc3 O-O 6. Be2 d5 7. O-O dxc4 8. Bxc4 Nbd7 {LiveBook: 26 Games} 9. Ne5 $146 {D94: Grünfeld: 4 Nf3 Bg7 5 e3} ({Predecessor:} 9. b3 a6 10. a4 cxd4 11. Nxd4 e5 12. Nf3 e4 13. Nd4 Ne5 14. Ba3 Re8 15. Be2 Qc7 16. Rc1 Neg4 {0-1 (43) Piceu,T (2363)-Zaragatski,I (2502) Belgium 2016}) 9... e6 10. h3 Qc7 11. f4 {Black has an edge.} Nb6 12. Bb3 cxd4 13. exd4 Bd7 14. Be3 Bc6 15. Rc1 Rac8 16. Bf2 Qd6 17. Qe2 Nbd5 18. Bh4 a6 19. Rcd1 Rfe8 20. g4 Nxc3 21. bxc3 Nd5 22. Qd2 b5 23. Nd3 Nxc3 (23... Ba8 $17 24. Nc5 Qc6 25. Bxd5 Qxd5) 24. Qxc3 $11 Bf3 25. Qxc8 ({White should play} 25. Qd2 $11 Bxd1 26. Rxd1) 25... Bxd4+ 26. Kh2 Rxc8 27. Rxf3 a5 {Hoping for ...a4.} 28. Ne5 a4 $2 (28... Qc5 $11 {and Black is okay.} 29. Nd7 Qa7) 29. Rfd3 $1 $18 {[%cal Rd3d4]} axb3 30. Rxd4 Rc2+ 31. Kg3 $1 Rc3+ 32. Kg2 $1 Rc2+ {[#]} 33. Bf2 $1 Qa3 $2 (33... Qb6 34. axb3 Qc5) 34. Rd8+ Kg7 35. R1d7 $36 {[%mdl 2048] Black is under strong pressure.} Rxf2+ 36. Kxf2 Qc5+ 37. Ke2 Qc2+ 38. Ke3 $2 (38. Kf1 $16 Qc1+ 39. Ke2 Qc2+ 40. Kf3 Qc3+ 41. Kf2 (41. Rd3 bxa2 42. Rxc3 a1=Q $16) 41... Qc5+ 42. Kf1 Qc1+ 43. Ke2 Qb2+ 44. Kf3 (44. Rd2 Qb1 $14) 44... Qc3+ 45. Ke2 (45. Rd3 bxa2 46. Rxc3 a1=Q $16) 45... Qc2+) 38... Qc3+ 39. Ke4 Qc2+ $2 {[%mdl 8192]} (39... Qe1+ $11 40. Kd4 Qg1+ 41. Kd3 (41. Kc3 Qc1+ 42. Kxb3 Qb1+ 43. Ka3 Qc1+ 44. Kb3 Qb1+ 45. Kc3 Qc1+ 46. Kd3 Qd1+ 47. Kc3 Qc1+ 48. Kd3 Qd1+ 49. Kc3 Qc1+ $11) 41... Qd1+ 42. Ke3 Qe1+ 43. Kf3 Qf1+ 44. Ke4 Qg2+ 45. Kd4 Qg1+ 46. Kc3 Qc1+ 47. Kxb3 Qb1+ 48. Ka3 (48. Kc3 Qc1+ 49. Kd3 Qd1+ 50. Kc3 Qc1+ 51. Kd3 Qd1+ 52. Kc3 Qc1+ $11) 48... Qc1+ 49. Kb3 Qb1+ 50. Ka3 (50. Kc3 Qc1+ 51. Kd3 Qd1+ 52. Kc3 Qc1+ 53. Kd3 Qd1+ 54. Ke3 Qe1+ 55. Kf3 Qf1+ 56. Ke4 Qe1+ 57. Kd3 Qd1+ $11) 50... Qc1+ 51. Kb3) 40. Kd4 Qf2+ 41. Kc3 Qe3+ 42. Kb2 Qf2+ 43. Ka3 Qc5+ 44. Kxb3 Qe3+ 45. Kb2 Qf2+ 46. Kc3 Qe3+ $2 {[#]} (46... Qe1+ 47. Kc2 Qe4+ 48. Nd3 Qg2+ 49. Kb3 Qxh3) 47. Nd3 $1 Qxh3 48. Rc7 Qe3 49. Rdd7 (49. g5 $142 h6 50. Rdd7 Kg8 51. gxh6 g5 52. fxg5 b4+ 53. Kb2 Qxg5 54. Rc8+ Kh7 55. Rxf7+ Kxh6 56. Rh8+ Kg6 57. Rg8+ Kxf7 58. Rxg5) 49... Kg8 50. g5 {Precision: White = 53%, Black = 41%.} 1-0

[Event "GEO chT Clubs 2017"]
[Site "Tbilisi"]
[Date "2017.12.05"]
[Round "7"]
[White "Siprashvili, Ivane"]
[Black "Jojua, Davit"]
[Result "0-1"]
[WhiteElo "1962"]
[BlackElo "2591"]
[Annotator "TA"]
[PlyCount "74"]
[EventDate "2017.??.??"]
[EventCountry "GEO"]
[SourceTitle "playchess.com"]
[Source "ChessBase"]
[SourceQuality "1"]

{[%evp 15,74,-14,-2,-2,0,0,0,-9,0,0,0,0,0,-20,-26,-23,-24,-25,-19,-46,-38,-38,-43,-48,-58,-80,-79,-58,-49,-50,-52,-84,-86,-72,-58,-175,-161,-172,-163,-207,-222,-227,-204,-186,-165,-265,-252,-252,-256,-407,-400,-455,-452,-960,-952,-832,-640,-1570,-1574,-1570,-1531]} 1. d4 Nf6 2. Nf3 g6 3. g3 Bg7 4. Bg2 O-O 5. O-O d6 6. c3 Nbd7 7. a4 e5 {A49: 1 d4 Nf6 2 Nf3 g6 3 g3: Anti-King's Indian systems} 8. dxe5 dxe5 {LiveBook: 4 Games} 9. Qc2 Qe7 {The position is equal.} 10. e4 a5 $146 ({Predecessor:} 10... b6 11. b4 Bb7 12. Nbd2 Rfd8 13. Re1 Nf8 14. Ba3 Qe8 15. Nc4 {1-0 (42) Todorcevic,M (2490)-Brito Garcia,A (2330) Mondariz 1994}) 11. b4 Rd8 12. Ba3 Qe8 13. Nbd2 b6 14. b5 Bb7 15. Rfe1 Bf8 16. Bxf8 Kxf8 17. Nb3 Qe7 18. Nfd2 Nc5 19. Bf1 Nfd7 20. Nxc5 Nxc5 21. Nc4 Qe6 22. f3 Qf6 23. Be2 h5 {[%cal Bh7h5,Bh5h4][%mdl 32]} 24. Ne3 h4 25. Red1 (25. Ng4 $15 Qg5 26. Qc1 Qxc1 27. Raxc1) 25... Qg5 $19 26. Kf2 Kg7 27. Bc4 Rxd1 28. Rxd1 hxg3+ 29. hxg3 Rh8 {[#] Strongly threatening ...Rh2+.} 30. Rg1 (30. Bf1 $142) 30... Rh2+ 31. Rg2 Rh1 32. Bf1 (32. Nf1 $142) 32... Bc8 33. g4 Ne6 {Black is clearly winning.} ({Less strong is} 33... Qh4+ 34. Ke2 $19) 34. Nd5 (34. Nf5+ $142 Kg8 35. Ng3) 34... Bb7 35. Ne3 Nf4 {[#] And now ...Qh4+ would win.} 36. Qd2 Qh4+ 37. Rg3 Rh2+ {Precision: White = 41%, Black = 81%.} 0-1

[Event "GEO chT Clubs 2017"]
[Site "Tbilisi"]
[Date "2017.12.05"]
[Round "7"]
[White "Sanikidze, Salome"]
[Black "Khomeriki, Nino"]
[Result "0-1"]
[WhiteElo "1876"]
[BlackElo "2347"]
[Annotator "TA"]
[PlyCount "52"]
[EventDate "2017.??.??"]
[EventCountry "GEO"]
[SourceTitle "playchess.com"]
[Source "ChessBase"]
[SourceQuality "1"]

{[%evp 28,52,0,0,0,11,17,14,52,42,35,29,37,46,39,-141,7,-68,-64,-53,-49,-258,-224,-438,-427,-429,-413]} 1. d4 Nf6 2. c4 e6 3. Nc3 c5 4. d5 exd5 5. cxd5 d6 6. Nf3 g6 7. g3 Bg7 8. Bg2 O-O {[%cal Bh8f8,Bf8e8,Be8e4,Be4b4,Bb4b3][%mdl 32]} 9. O-O Re8 10. Bf4 a6 11. a4 Ne4 12. Nxe4 Rxe4 13. Nd2 Rb4 14. b3 {A62: Modern Benoni: Fianchetto Variation without early ...Nbd7} Bxa1 15. Qxa1 {LiveBook: 3 Games} g5 16. Be3 {The position is equal.} Bf5 17. Nc4 $146 ({Predecessor:} 17. f4 Qe7 18. Qc3 Nd7 19. fxg5 Bg6 20. Bf4 b5 21. a5 Qxe2 22. Bxd6 {0-1 (43) Solys,L (2305)-Simacek,P (2518) Wroclaw 2010}) 17... b5 18. axb5 Rxb3 19. h4 h6 ({Much worse is} 19... axb5 $6 20. Qxa8 bxc4 21. Bxg5 $16) 20. hxg5 hxg5 21. f4 $2 {[#]} (21. Bd2 $14 {stays ahead.}) 21... g4 ({Better is} 21... Qe7 $1 $17 22. Bf2 gxf4) 22. Kf2 (22. b6 $11) 22... axb5 $15 23. Qxa8 {And now Nd2 would win.} bxc4 24. Ra1 $2 (24. Rc1 $15) 24... Qf6 {White must now prevent ...Qc3.} 25. Bc1 $2 {[#]} (25. Rc1 Qb2 26. Qa1) 25... Qc3 $19 26. e3 Bb1 {Precision: White = 29%, Black = 47%.} 0-1

[Event "GEO chT Clubs 2017"]
[Site "Tbilisi"]
[Date "2017.12.05"]
[Round "7"]
[White "Kikilashvili, Soso"]
[Black "Shanava, Konstantine"]
[Result "0-1"]
[WhiteElo "1875"]
[BlackElo "2512"]
[Annotator "TA"]
[PlyCount "74"]
[EventDate "2017.??.??"]
[EventCountry "GEO"]
[SourceTitle "playchess.com"]
[Source "ChessBase"]
[SourceQuality "1"]

{[%evp 11,74,0,7,-10,-8,-33,-1,-15,-25,-21,-25,-81,-40,-45,-43,-35,-36,-50,-52,-51,-52,-45,-45,-100,-83,-96,-59,-77,-85,-190,-188,-165,-182,-184,0,-220,-206,-237,-211,-212,-216,-266,-239,-290,-289,-315,-310,-303,-300,-322,-319,-323,-322,-300,-325,-484,-459,-1325,-1279,-3098,-3023,-2605,-2433,-29998,-29999]} 1. b3 c5 2. Bb2 b6 3. e3 Bb7 4. Nf3 Nf6 5. Be2 (5. d4 g6 6. Nbd2 cxd4 7. exd4 Bg7 8. Bd3 O-O 9. O-O Nc6 10. Re1 Rc8 11. a3 e6 12. Ne4 Nxe4 13. Bxe4 {0-1 (42) Martinez Duany,L (2511)-Quesada Perez,L (2438) Santa Maria del Mar 2017}) 5... g6 6. O-O {A05: Réti Opening: 1 Nf3 Nf6} Bg7 {LiveBook: 4 Games} 7. Ne5 O-O 8. a4 $146 {The position is equal.} ({Predecessor:} 8. f4 d6 9. Bf3 Qc7 10. Bxb7 Qxb7 11. Nf3 Nbd7 12. Qe1 Ne8 13. Bxg7 Nxg7 14. d3 {0-1 (45) Oz,O (1793)-Aytekin,M (1780) Konya 2014}) 8... a6 9. d3 Qc7 10. Bf3 d5 11. Ra2 (11. c4 $11) 11... Nc6 12. Nxc6 Bxc6 13. Nd2 e5 {[%cal Be7e5,Be5e4][%mdl 32]} 14. Qa1 Rfe8 15. Re1 h5 16. h3 Rad8 17. d4 (17. Qb1 $15) 17... cxd4 18. exd4 e4 {Hoping for ...Bh6.} 19. Bd1 Nh7 $36 {[%mdl 2048] Black has strong initiative.} 20. Nf1 {[#]} (20. c4 $17 {might work better.}) 20... f5 $1 $19 21. Bc1 f4 22. Qc3 Ng5 $2 (22... Rf8 $19 23. Qd2 Rf7) 23. Qd2 $2 (23. Bxf4 $1 $11 {and White has nothing to worry.} Qxf4 24. Qxc6) 23... Bh6 24. h4 Nf7 25. Qc3 Nd6 26. b4 Rc8 27. b5 axb5 28. axb5 Nxb5 ({Resist} 28... Bxb5 29. Qxc7 Rxc7 30. Rb2 $19) 29. Qb4 Nd6 30. g3 Nf5 31. gxf4 Bxf4 32. Bxf4 Qxf4 33. Ra7 (33. Ra3 $142) 33... Qxh4 34. Qxb6 (34. Ne3 $142 Rf8 35. Ng2) 34... e3 35. Re2 Qg4+ 36. Kh2 Nh4 {[%csl Gh4][%cal Rg4g2] [#]} 37. fxe3 Nf3+ {Precision: White = 30%, Black = 84%.} 0-1

[Event "GEO chT Clubs 2017"]
[Site "Tbilisi"]
[Date "2017.12.05"]
[Round "7"]
[White "Bechvaia, Gabriel"]
[Black "Petriashvili, Nikoloz"]
[Result "0-1"]
[WhiteElo "1806"]
[BlackElo "2180"]
[Annotator "TA"]
[PlyCount "96"]
[EventDate "2017.??.??"]
[EventCountry "GEO"]
[SourceTitle "playchess.com"]
[Source "ChessBase"]
[SourceQuality "1"]

{[%evp 21,96,0,0,-14,20,30,25,15,17,17,19,30,71,39,50,49,54,37,82,66,81,0,0,0,12,0,0,0,0,-11,-14,-14,-20,-25,-27,-25,-11,-10,-8,-44,-8,-176,-143,-287,-264,-321,-327,-602,-591,-889,-874,-760,-650,-562,-500,-6315,-5197,-5093,-4134,-2226,-2083,-29973,-29974,-29974,-29976,-29976,-29977,-29977,-29978,-29978,-29979,-29980,-29980,-29981,-29982,-29982,-29983]} 1. d4 d5 2. c4 c6 3. cxd5 cxd5 4. Nc3 Nf6 5. Nf3 Nc6 6. Bf4 a6 7. e3 Bg4 8. Rc1 e6 {D13: Slav Defence: Exchange variation without ...Bf5} 9. Bd3 Bd6 10. Bg3 O-O 11. O-O Rc8 {LiveBook: 5 Games} 12. Na4 (12. Bxd6 {feels hotter.} Qxd6 13. h3 Bxf3 14. Qxf3 Rfd8 15. Rfd1) 12... Bxg3 13. hxg3 {[#]} e5 $146 ({Predecessor:} 13... Ne4 14. Nc5 Nd6 15. Qa4 Qe7 16. b4 b5 17. Qb3 {0-1 (41) Petursson,M (2540)-Dreev,A (2682) Reykjavik 2004}) 14. dxe5 Nxe5 {...Rxc1 is the strong threat.} 15. Rxc8 Qxc8 16. Be2 Nxf3+ 17. Bxf3 Bxf3 18. gxf3 Qc4 19. Nc3 b5 20. a3 Rd8 21. Qd4 (21. Qd2 $16) 21... Qxd4 $11 22. exd4 {[%mdl 4096] Endgame KRN-KRN} Re8 23. Rc1 Kf8 24. Kf1 Rc8 25. Ne2 Rxc1+ 26. Nxc1 {KN-KN} Ne8 27. Nd3 a5 28. Ke2 f6 {[%cal Bf7f6,Bf6g5][%mdl 32]} 29. Nc5 Ke7 30. b3 Nd6 31. Kd3 $2 (31. g4 $11) 31... h5 $1 $19 {[%cal Bh7h5,Bh5h4][%mdl 32]} 32. f4 {[#]} (32. Ke2 $17 {is a better defense.}) 32... g5 $1 33. fxg5 fxg5 34. a4 $2 (34. g4 hxg4 35. Na6) 34... b4 35. g4 h4 {aiming for ...h3.} 36. Ke2 h3 {And now ...h2 would win.} 37. Kf3 {[#]} Ne4 $1 {[%mdl 512]} 38. Nb7 (38. Nd3 $142 Nd2+ 39. Kg3 Nxb3 40. f4) (38. Nxe4 dxe4+) 38... Nd2+ 39. Kg3 Nxb3 40. Kxh3 Nxd4 {( -> ...b3)} 41. Nxa5 b3 {Black mates.} 42. Nxb3 Nxb3 {KN-K3P} 43. Kg3 Nd4 44. a5 Kd6 45. a6 Kc6 46. Kg2 Ne6 47. Kf3 Kb6 48. Ke3 Kxa6 {Precision: White = 27%, Black = 74%.} 0-1

[Event "GEO chT Clubs 2017"]
[Site "Tbilisi"]
[Date "2017.12.05"]
[Round "7"]
[White "Chanturia, Lasha"]
[Black "Kekelidze, Mikheil"]
[Result "1-0"]
[WhiteElo "1793"]
[BlackElo "2367"]
[Annotator "TA"]
[PlyCount "21"]
[EventDate "2017.??.??"]
[EventCountry "GEO"]
[SourceTitle "playchess.com"]
[Source "ChessBase"]
[SourceQuality "1"]

{[%evp 1,1,-8]} 1. b3 {Predecessor:} c5 $146 2. Bb2 Nc6 3. Nf3 Nf6 4. Bxf6 gxf6 5. c4 f5 6. Nc3 Bg7 7. Rc1 b6 8. g3 Bb7 9. Bg2 e6 10. e3 Qe7 11. O-O {0-1 (29) So,W (2815)-Carlsen,M (2832) chess.com INT 2017} 1-0

[Event "GEO chT Clubs 2017"]
[Site "Tbilisi"]
[Date "2017.12.05"]
[Round "7"]
[White "Pipia, Ekaterine"]
[Black "Arabidze, Meri"]
[Result "0-1"]
[WhiteElo "1791"]
[BlackElo "2378"]
[Annotator "ChessBase"]
[PlyCount "134"]
[EventDate "2017.??.??"]
[EventCountry "GEO"]
[SourceTitle "playchess.com"]
[Source "ChessBase"]
[SourceQuality "1"]

1. d4 d5 2. c4 dxc4 3. Nf3 Nf6 4. e3 Bg4 5. Bxc4 e6 6. O-O Nbd7 7. Nc3 Bb4 8. Re1 c5 9. a3 Bxc3 10. bxc3 Qc7 11. Be2 O-O 12. h3 Bh5 13. Nd2 Bg6 14. Bf3 e5 15. Bb2 Rad8 16. Qb3 Kh8 17. Rad1 e4 18. Be2 Ne8 19. d5 f5 20. Nc4 Ndf6 21. d6 Nxd6 22. Nxd6 Rxd6 23. Rxd6 Qxd6 24. Rd1 Qe7 25. c4 Be8 26. Qc3 Ba4 27. Rd2 Bc6 28. Qe5 Qxe5 29. Bxe5 Kg8 30. Rd1 Kf7 31. Bd6 Rc8 32. g4 fxg4 33. hxg4 h6 34. Bf4 Nh7 35. Rd6 a6 36. g5 Nxg5 37. Bxg5 hxg5 38. Bh5+ Kf8 39. Rg6 b5 40. Rxg5 Bd7 41. Bg6 b4 42. axb4 cxb4 43. Bxe4 Rxc4 44. Bd3 Rc1+ 45. Kh2 b3 46. Ra5 b2 47. Rxa6 b1=Q 48. Bxb1 Rxb1 49. Kg3 Ke7 50. Kf4 Be6 51. Ra5 Kf6 52. e4 Rd1 53. e5+ Kf7 54. Ra7+ Rd7 55. Rxd7+ Bxd7 56. Kg5 g6 57. f4 Bf5 58. Kh6 Kg8 59. Kg5 Kg7 60. Kh4 Kh6 61. Kg3 Kh5 62. Kf3 Kh4 63. Ke3 Kg3 64. e6 Bxe6 65. Ke4 Bf5+ 66. Ke3 Kg4 67. Kf2 Kxf4 0-1